000
00215 a2200097 4500
001
47479
100
_a
Divine D
245
_a
The nine days of dunkire
260
_a
London
_b
Faber & Faber
_c
090
_c
30501
_d
30501
942
_a
NUST-CAE
_c
M
_c
22783
999
_c
282552
_d
282552